00303cam a22001097a 4500008004000000082001200040100001800052245006400070260002600134300001000160650002300170180718b1984 xxu||||| |||| 00| 0 eng d aL1 M969 aMurti, V.G.K. aBudgeting: a guide for practising managerscby V.G.K. Murti aDelhibSterlingc1984 a188p. aBudget - Procedure